Refutación a los principios fundamentales del libro titulado "Origen de los especies" de Carlos Darwin / (Record no. 161893)
[ view plain ]
| 000 -LEADER | |
|---|---|
| campo de control de longitud fija | 01067nam a22002415i 4500 |
| 001 - NÚMERO DE CONTROL | |
| campo de control | 161893 |
| 003 - IDENTIFICADOR DE NÚMERO DE CONTROL | |
| campo de control | ES-MaACL |
| 005 - FECHA Y HORA DE LA ÚLTIMA TRANSACCIÓN | |
| campo de control | 20250731063045.0 |
| 008 - DATOS DE LONGITUD FIJA--INFORMACIÓN GENERAL | |
| campo de control de longitud fija | 940301s1880 sp |||| | spa d |
| 040 ## - FUENTE DE CATALOGACIÓN | |
| Centro catalogador/agencia de origen | CAM |
| Lengua de catalogación | spa |
| 080 ## - NÚMERO DE LA CLASIFICACIÓN DECIMAL UNIVERSAL | |
| Número de la Clasificación Decimal Universal | 141.155 |
| 080 ## - NÚMERO DE LA CLASIFICACIÓN DECIMAL UNIVERSAL | |
| Número de la Clasificación Decimal Universal | 575.8.01 |
| 100 1# - ENTRADA PRINCIPAL--NOMBRE DE PERSONA | |
| Nombre de persona | Pérez Mínguez, Luis, |
| Fechas asociadas al nombre | 1829-1903 |
| Término indicativo de función/relación | Autor |
| 9 (RLIN) | 131012 |
| 245 10 - MENCIÓN DEL TÍTULO | |
| Título | Refutación a los principios fundamentales del libro titulado "Origen de los especies" de Carlos Darwin / |
| Mención de responsabilidad, etc. | por Luis Pérez Mínguez |
| 260 ## - PUBLICACIÓN, DISTRIBUCIÓN, ETC. | |
| Lugar de publicación, distribución, etc. | Valladolid : |
| Nombre del editor, distribuidor, etc. | Imp., Librería Nacional y Extranjera de Hijos de Rodríguez, |
| Fecha de publicación, distribución, etc. | 1880 |
| 300 ## - DESCRIPCIÓN FÍSICA | |
| Extensión | 230 páginas ; |
| Dimensiones | 21 cm |
| 600 14 - PUNTO DE ACCESO ADICIONAL DE MATERIA--NOMBRE DE PERSONA | |
| Nombre de persona | Darwin, Charles, |
| Fechas asociadas al nombre | 1809-1882 |
| 9 (RLIN) | 42770 |
| 650 #7 - PUNTO DE ACCESO ADICIONAL DE MATERIA--TÉRMINO DE MATERIA | |
| Término de materia o nombre geográfico como elemento de entrada | Evolucionismo |
| Fuente del encabezamiento o término | embne |
| 9 (RLIN) | 12629 |
| 852 ## - LOCALIZACIÓN | |
| Ubicación | ES-MaACL |
| Ubicación en estantería | Depósito folletos |
| Anotaciones manuscritas | Dedicatoria autógrafa del autor |
| -- | An. ms.: Regalo de la disuelta sociedad "Escolares Médicos" |
| Donativo/Legado | Donativo de Sociedad de Los Escolares Médicos |
| Número de control de estantería | T-716-F-5 |
| Encuadernación | Enc. en un vol. facticio |
| -- | Holandesa, conservando cub. original |
| 942 ## - ELEMENTOS DE ENTRADA SECUNDARIOS (KOHA) | |
| Fuente del sistema de clasificación o colocación | Clasificación decimal universal |
| Tipo de ítem Koha | Folleto |
| Suprimir en OPAC | No |
| Estatus retirado | Estado de pérdida | Estado de daño | No para préstamo | Colección | Biblioteca de origen | Biblioteca actual | Ubicación en estantería | Fecha de adquisición | Total de préstamos | Signatura topográfica completa | Código de barras | Visto por última vez | Precio de reemplazo | Tipo de ítem Koha |
|---|---|---|---|---|---|---|---|---|---|---|---|---|---|---|
| Colección de folletos | Biblioteca del Ateneo de Madrid | Biblioteca del Ateneo de Madrid | Depósito folletos | 17/01/2008 | T-716-F-5 | 1169584 | 23/02/2023 | 23/02/2023 | Folleto |
